00967nam a2200265 a 450000100100000000500170001000800410002704000250006808200260009310000270011924000350014624500550018125000110023626000840024730000310033149000250036253400430038765000220043065000290045265000310048183000320051204900100054495201300055499900170068400002605020200930024247.0110225s1974 caua r 000 0 spa d aDO-SdBNPbspacBNPHU a302.2223bL673a, 19741 aLewis, Ralph M.94188813aLa Behold the sign.lEspañol14aLos antiguos símbolos sagrados /cRalph M Lewis. a5a ed. aSan José, (California, Estados Unidos) :bGran Logia Suprema de Amorc,c1974. a111, [1] p. :bil.a20 cm.1 aBiblioteca Rosacruz. aTítulo original:tLa Behold the sign 4aSimbolismo915598 4aImagenes e idolos927649 4aSimbolos religiosos952992 0aBiblioteca Rosacruz.940635 aBNPHU 001054708MOaGRbGRcCTd2011-02-25iLF1l0o302.2223 L673a, 1974p26050-10r2020-06-25w2020-06-25y4ZPréstamo en sala c25542d25542